| 000 | 01541cam a22003977a 4500 | ||
|---|---|---|---|
| 003 | CHAP | ||
| 005 | 20220329142828.0 | ||
| 008 | 040502s2003 mx a r 00010 spa d | ||
| 010 | _a88383 | ||
| 011 | _a89355 | ||
| 035 | _a99906 | ||
| 040 | _cCHAP | ||
| 090 | _aTesis | ||
| 100 | 0 | 0 |
_aGarcía Zamora, Jorge Armando. _946757 |
| 245 | 1 | 0 |
_aPropuesta de manejo ecoturístico en el Parque Nacional Iztaccihuatl - Popocatépetl _c/por Jorge Armando García Zamora |
| 260 |
_aChapingo, Méx. : _bEl autor, _c2003. |
||
| 300 |
_a134 h : _bilus. ; gráfs. |
||
| 502 | _aTesis (Ing. en Planeación y Manejo de los Recursos Naturales Renovables) -- UACH. Departamento de Suelos | ||
| 530 | _aTambién disponible en línea | ||
| 590 |
_aALEPH _b10 _c20130110 _lUCH01 _h1458 |
||
| 590 |
_aBATCH-UPD _b10 _c20130110 _lUCH01 _h2014 |
||
| 590 |
_aBATCH-UPD _b10 _c20130410 _lUCH01 _h1333 |
||
| 590 |
_aBATCH-UPD _b10 _c20130914 _lUCH01 _h1300 |
||
| 590 |
_aBATCH-UPD _b10 _c20140324 _lUCH01 _h1444 |
||
| 590 |
_aBATCH-UPD _b10 _c20141002 _lUCH01 _h0822 |
||
| 590 |
_aCONVERSION _b10 _c20130109 _lUCH01 _h1349 |
||
| 650 | 1 | 4 |
_aEcoturismo. _935298 |
| 650 | 1 | 4 |
_aParque Nacional Iztaccihuatl - Popocatépetl. _985683 |
| 650 | 1 | 4 |
_aRecursos naturales _xConservación _xMéxico. _995242 |
| 856 |
_3Finding aid _uhttp://10.13.5.2/tesis/99906.pdf _zTeclea aqui |
||
| 901 | _aBK | ||
| 905 | _aAlejandra Carrasco M. | ||
| 942 | _cFOLL | ||
| 949 |
_aTesis _bBC _cTES _d33724000921938 _eTS2 _fc.2 _h41952 _i99906 _sb |
||
| 949 |
_aTesis _bBC _cTES _d999061 _eTS1 _h41951 _i99906 _sb |
||
| 999 |
_c88383 _d88383 |
||